000 00647nam a2200241 a 4500
001 0001-0960
003 ELIB.Books
008 140915 2010 eng
020 _a0806617012
035 _a(ELIB.Books)0001-1114
092 _a230
_bNel
100 _aNelson, James B.
245 _aEmodiment:
_bAn Approach to Sexuality and Christian Theology
260 _aMinneapolis:
_bAugsburg Publishing House
_c1978
300 _a303
_c21.2 Cm
500 _aDr. Yahalaylayla
650 _aTheology
856 _nKBTS; Library
_uKBTS; Elib.
942 _2ddc
_cBK
990 _a1
998 _cbat
_e2014-09-15
999 _c10960
_d10960